1395 1623 1701 1166 1013 1420 1764 1332 1328 1083 1794 1525 1402 1583 1130 1596 1061 1850 1932 1802 1637 1584 1764 1624 1423 1634 1165 1466 1145 1124 1851 1800 1939 1675 1666 1816 1698 1704 1315 1553 1035 1956 1345 1769 1472 1766 1613 1234 1215 1422 1385 1183 1638 1544 1214 1692 1282 1452 1070 1117 1113 1865 1448 1279 1008 1544 1939 1476 1614 1530 1115 1078 1871 1025 1751 1483 1025 1592 1446 1136 1571 1848 1408 1087 1343 1851 1840 1857 1460 1651 1024 1075 1480 1523 1537 1381 1341 1618 1552 BCNSPRNW ULIB Ver.6.0+V

เปลี่ยนเป็นภาษาไทย

Change to English
 แสดงรายละเอียดบรรณานุกรม
  กลับหน้าหลัก

Brief Record : Get Marc (ISO 2709) : E-mail record : QR code < ปิดหน้าต่าง
LEADER : 00000nam 2200000uu 4500
001    13399111746
003     ULIB
008    110707s2549||||th 000 0 tha d
090 04 CT203.T3^bห333 2549
110 1  กองทุนศาสตราจารย์ ดร.สิปปนนท์ เกตุทัต
245 10 หลายชีวิตของสิปปนนท์ เกตุทัต /^cกองทุนศาสตราจารย์ ดร.สิปปนนท์ เกตุทัต
260    กรุงเทพฯ :^bกองทุนศาสตราจารย์ ดร.สิปปนนท์ เกตุทัต,^c2549
300    234 หน้า :^bภาพประกอบลี
650  7 สิปปนนท์ เกตุทัต
945    ^p0^l0^i020732
995    ทศพร
999 ^a ใช้งานได้ทุกระบบ
รายการนี้ยังไม่มีแท็ก
คุณยังไม่ได้ล็อกอิน คุณสามารถมีกิจกรรมร่วมกับเว็บไซต์ได้ แต่ต้องล็อกอินก่อน ::
  ล็อกอิน

รายการสื่อสารสนเทศ

ลำดับที่ ประเภท เลขเรียก/บาร์โค้ด สถานที่ สถานะ
- ไม่พบข้อมูล -

BibComment


ยังไม่เคยถูกคอมเมนท์

คอมเมนท์ทรัพยากรรายการนี้
  คอมเมนท์: หลายชีวิตของสิปปน..


 Copyright 2026. Bcnsprnw @Library